000 01692nam0a2200385 4500
001 RU\NLR\BIBL_A\012401023
005 20201217131703.0
010 _a978-5-04-109604-5
_92000
021 _aRU
_bКН-П-20-044461
_9КН-П-20-3395
035 _a(NLR Aleph) 012401023
035 _a(RuMoRGB)010389071
090 _a11725261
_c11725261
100 _a20201110d2020 e y0rusy50 ca
101 1 _arus
_cger
102 _aRU
105 _a |||zzzz000zy
181 0 _ai
_baxxe
182 0 _an
200 1 _aПартитура смерти
_eслучаи из практики самого известного судмедэксперта Германии
_eрасследование ведет медицинский детектив
_fМихаэль Тсокос
_g[перевод с немецкого Д. Диденко]
203 _aТекст
_bвизуальный
_cнепосредственный
210 _aМосква
_cЭксмо
_d2020
215 _a415 с.
_cил.
_d21
225 1 _aМедицинский детектив
225 1 _aОсновано на реальных событиях
333 _a18+
606 1 _aСудебно-медицинская экспертиза
_jПопулярные издания
_yФедеративная Республика Германия
_91741489
_3RU\NLR\AUTH\661075230
686 1 _aШ6(4Ф)07-448{Лх1359.2-80}
686 1 _aХ893.9(4Гер)413.1я9
700 1 _7ca
_8rus
_aТсокос
_bМ.
_f1967-
_gМихаэль
_9206623
_3RU\NLR\AUTH\770206675
942 _cBOOK
980 _aNBR
980 _aNB